00446nam a2200169Ia 4500999001700000003000400017005001700021008004100038040000900079082002200088100001900110245004300129260003200172300000800204650001400212942005000226 c27750d27750OSt20210108161938.0190216s9999||||xx |||||||||||||| ||und|| coclc a894.812301bNAN/O aNandanar97180 0aOru Souhruda Sandarashanam /cNandanar bCurrent Books,aTrivandrum: a97p aMalayalam cBK2ddch894.812301iNAN/Ok894.812301mNAN/O